LEADER 00731nam0-22002771i-450- 001 990003312300403321 005 20111207170110.0 035 $a000331230 035 $aFED01000331230 035 $a(Aleph)000331230FED01 035 $a000331230 100 $a20030910d1963----km-y0itay50------ba 101 0 $aeng 102 $aGB 105 $ay-------001yy 200 1 $a<>poetical works$fWilliam Cowper 210 $aOxford$cOxford University Press$d1963 676 $a710 700 1$aCowper,$bWilliam$0131532 801 0$aIT$bUNINA$gRICA$2UNIMARC 901 $aBK 912 $a990003312300403321 952 $a710 COW /1$bLINGUE 032935-0340$fDECLI 959 $aDECLI 996 $aPoetical works$9446888 997 $aUNINA LEADER 00984nam2-22003251i-450- 001 990005302590403321 005 20060904101005.0 035 $a000530259 035 $aFED01000530259 035 $a(Aleph)000530259FED01 035 $a000530259 100 $a19990604d1968----km-y0itay50------ba 101 0 $aita 105 $ay-------001yy 200 1 $aAccomodazione-Giustizia$fdiretto da Heinrich Fries$ged. it. a cura di Giuliano Riva 205 $a2. ed. 210 $aBrescia$cQueriniana$d1968 215 $aXIII, 769 p.$d24 cm 461 0$1001000530253$12001$aDIZIONARIO teologico$fdiretto da Heinrich Fries 610 0 $aTEOLOGIA - Enciclopedie e dizionari 676 $a230.03$v21$zita 702 1$aFries,$bHeinrich 702 1$aRiva,$bGiuliano 801 0$aIT$bUNINA$gRICA$2UNIMARC 901 $aBK 912 $a990005302590403321 952 $a230.03 FRI 2 (1)$bST.REL. 217$fFLFBC 959 $aFLFBC 996 $aAccomodazione-Giustizia$9537344 997 $aUNINA LEADER 04423nam 2200937z- 450 001 9910639992403321 005 20231214133140.0 010 $a3-0365-5862-4 035 $a(CKB)5470000001633429 035 $a(oapen)https://directory.doabooks.org/handle/20.500.12854/95778 035 $a(EXLCZ)995470000001633429 100 $a20202301d2022 |y 0 101 0 $aeng 135 $aurmn|---annan 181 $ctxt$2rdacontent 182 $cc$2rdamedia 183 $acr$2rdacarrier 200 10$aCorrosion and Protection of Steels in Marine Environments: State-of-the-Art and Emerging Research Trends 210 $aBasel$cMDPI - Multidisciplinary Digital Publishing Institute$d2022 215 $a1 electronic resource (208 p.) 311 $a3-0365-5861-6 330 $aMarine corrosion is a very ancient topic, as humankind has, since antiquity, struggled with the corrosiveness of seawater to exploit the countless and essential natural resources of the sea. It is also a broad topic because it combines chemical, biological, and mechanical factors. Among the numerous materials used for marine applications, iron-based alloys (i.e., steels) are essential in various industrial domains such as (of course) the naval industry (ships, submarines, etc.), the energy industry (pipelines, offshore platforms, renewable energy devices, etc.), and buildings (seaport structures, bridges, steel reinforcement in concrete, etc.). Marine corrosion is still an issue to this day, and the recent and necessary development of marine renewable energy devices has motivated innovative research. Currently, complete mastery of corrosion issues is a key aspect in the profitability of produced energy. Simultaneously, the requirements for environmentally friendly anticorrosion methods and processes are clearly expressed. Numerous fundamental and recent advances in marine corrosion and protection of steels, including carbon steel, low alloy steel, and stainless steel, can then be noted. This Special Issue is necessary to acknowledge the recent and sudden increase in the understanding of steel corrosion processes in marine environments and the associated optimization of anticorrosion methods. Last but not least, a large part of our cultural heritage lies at the bottom of seas and oceans, and it will definitely be lost if scientific research does not include current and historical concerns as well. 517 $aCorrosion and Protection of Steels in Marine Environments 606 $aTechnology: general issues$2bicssc 606 $aChemical engineering$2bicssc 610 $acarbon steel 610 $aseawater 610 $alocalized corrosion 610 $amagnetite 610 $agreen rust 610 $airon sulfide 610 $amarine corrosion 610 $amagnesium 610 $aX-ray diffraction 610 $areinforcement 610 $acorrosion 610 $achlorides 610 $aprogression 610 $aalkalinity 610 $acracking 610 $ametabarcoding 610 $aMIC 610 $amultispecies 610 $aSRB 610 $amarine 610 $acomposites 610 $aelectrodeposition 610 $asuperhydrophobic coatings 610 $azinc and zinc-alloys 610 $aelectroplating 610 $aaerospace 610 $aepoxy marine coatings 610 $aaccelerated ageing tests 610 $athermal cycling 610 $aEIS 610 $acorrosion degree 610 $asteel 610 $amicrobiologically influenced corrosion 610 $abiofilm 610 $abacterial activity 610 $amooring chain 610 $aSEM 610 $acorrosion fatigue 610 $atwin wire arc spraying 610 $amachine hammer peening 610 $aZnAl4 coating 610 $amarine application 610 $acorrosion protection 610 $acathodic protection 610 $acalcareous deposit 610 $amarine renewable energy 615 7$aTechnology: general issues 615 7$aChemical engineering 700 $aRefait$b Philippe$4edt$01302706 702 $aChaves$b Igor$4edt 702 $aRefait$b Philippe$4oth 702 $aChaves$b Igor$4oth 906 $aBOOK 912 $a9910639992403321 996 $aCorrosion and Protection of Steels in Marine Environments: State-of-the-Art and Emerging Research Trends$93026440 997 $aUNINA